| 000 | 00647nam a2200241Ia 4500 | ||
|---|---|---|---|
| 003 | OSt | ||
| 005 | 20220918191223.0 | ||
| 006 | a|||||r|||| 00| 0 | ||
| 007 | ta | ||
| 008 | 220917b |||||||| |||| 00| 0 eng d | ||
| 024 | _a62,075 | ||
| 037 | _cTextual | ||
| 040 |
_aARTS _cARTS _beng |
||
| 041 |
_2eng _aeng |
||
| 082 | _aQ6:4192.5, M3 | ||
| 100 |
_aMonter William _975325 |
||
| 245 | 0 | _aRitual, Myth and Magic in Early modern Europe | |
| 260 |
_aBrighton _bHarvester Univ Press _c1983 |
||
| 300 |
_a187p. _ccm. |
||
| 650 | _aRELIGION | ||
| 942 |
_hQ6:4192.5, M3 _cTEXL _2CC |
||
| 999 |
_c188797 _d188797 |
||